01341nam a2200277 a 450000100100000000500170001000800410002702000180006804000250008608200180011110000290012924501700015826000380032830000210036650000590038750400310044659000250047765000520050265000500055470000360060491000370064095201310067795201160080895201220092499900170104600003559120200930074445.0111103s2011 dr 001 0 spa d a9789945879810 aDO-SdBNPbspacBNPHU a618.19bP121s1 aPacsi, Alsacia L.96149010aSus voces :bun estudio de las experiencias vividas por mujeres dominicanas con cáncer de mama en estado avanzado /cAlsacia L.Pacsi ; traductor Carlos Almánzar. aSanto Domingo :bNomara,c[2011]. a137 p. ;c22 cm. aIncluye datos biográficos de la autora en la solapa. aBibliografía: p.125-137. aInventariado,2018/DG 4aEnfermedades de la mamaxInvestigaciones961491 4aNeoplasmas de la mamaxInvestigaciones96149212aAlmánzar, Carlos,etr.961493 aValidado. Control de calidad EMS 001054708DSaGRbGRcHDd2011-11-03iLF1l0o618.19 P121sp35591-30r2020-06-25te. 3w2020-06-25yLFDSZPréstamo en sala 0010718PDaPDbPDcHDd2011-11-03iLF1l0o618.19 P121sp35591-10r2020-06-25w2020-06-25yLFPDZNo se presta 0010718PDaPDbPDcHDd2011-11-03iLF1l0o618.19 P121sp35591-20r2020-06-25te. 2w2020-06-25yLFPDZNo se presta c35082d35082